[Event "Festival International d'échecs de Condom 2017"]
[Site "Condom"]
[Date "2017.07.08"]
[Round "1.1"]
[White "Bissieres, Matthieu"]
[Black "Lacroix, Romain"]
[Result "*"]
[BlackElo "2248"]
[WhiteElo "2367"]
[LiveChessVersion "1.4.8"]

1. e4 d6 2. d4 Nf6 3. Nc3 e5 4. Nf3 Nbd7 5. Bc4 Be7 6. O-O Nb6 7. Be2 exd4 8.
Nxd4 c6 9. f4 d5 10. e5 Ne4 11. Bd3 Nxc3 12. bxc3 c5 13. Nf5 c4 14. Nxe7 Qxe7 15.
Be2 Bf5 16. a4 *

[Event "Festival International d'échecs de Condom 2017"]
[Site "Condom"]
[Date "2017.07.08"]
[Round "1.2"]
[White "Iwanesko, Alexandre"]
[Black "Lemeaux, David"]
[Result "*"]
[BlackElo "2344"]
[WhiteElo "2232"]
[LiveChessVersion "1.4.8"]

1. e4 {[%clk 1:30:59]} c5 {[%clk 1:30:55]} 2. Nf3 {[%clk 1:31:20]} Nc6
{[%clk 1:31:19]} 3. d4 {[%clk 1:31:47]} cxd4 {[%clk 1:31:42]} 4. Nxd4
{[%clk 1:32:15]} g6 {[%clk 1:31:51]} 5. Nc3 {[%clk 1:32:31]} Bg7 {[%clk 1:32:15]}
6. Be3 {[%clk 1:32:59]} Nf6 {[%clk 1:32:24]} 7. h4 {[%clk 1:33:10]} O-O
{[%clk 1:14:20]} 8. h5 {[%clk 1:30:59]} d5 {[%clk 1:05:41]} 9. hxg6
{[%clk 1:20:44]} hxg6 {[%clk 1:04:54]} 10. Nxc6 {[%clk 0:46:56]} bxc6
{[%clk 1:05:13]} 11. exd5 {[%clk 0:43:56]} Nxd5 {[%clk 0:58:20]} 12. Nxd5
{[%clk 0:32:00]} *

[Event "Festival International d'échecs de Condom 2017"]
[Site "Condom"]
[Date "2017.07.08"]
[Round "1.3"]
[White "Laurent-Paoli, Pierre"]
[Black "Said, Brih"]
[Result "*"]
[BlackElo "2316"]
[WhiteElo "2290"]
[LiveChessVersion "1.4.8"]

1. Nf3 Nf6 2. g3 d5 3. Bg2 c6 4. O-O g6 5. b3 Bg7 6. Bb2 O-O 7. c4 dxc4 8. bxc4
Na6 9. d3 Qa5 10. Nbd2 Re8 11. Be5 Nd7 12. Bxg7 Kxg7 13. Qc2 Nf6 14. d4 Qh5 15.
Rab1 *

[Event "Festival International d'échecs de Condom 2017"]
[Site "Condom"]
[Date "2017.07.08"]
[Round "1.4"]
[White "Mirzoev, Emil"]
[Black "Grimal, Florent"]
[Result "1-0"]
[BlackElo "1958"]
[WhiteElo "2448"]
[LiveChessVersion "1.4.8"]

1. e4 {[%clk 1:30:51]} e6 {[%clk 1:30:48]} 2. d3 {[%clk 1:30:24]} d5
{[%clk 1:30:57]} 3. Qe2 {[%clk 1:30:49]} dxe4 {[%clk 1:30:20]} 4. dxe4
{[%clk 1:31:02]} Nc6 {[%clk 1:28:12]} 5. Nf3 {[%clk 1:31:22]} e5 {[%clk 1:27:23]}
6. c3 {[%clk 1:31:32]} Nf6 {[%clk 1:24:46]} 7. Qc2 {[%clk 1:31:24]} Be7
{[%clk 1:24:12]} 8. Bb5 {[%clk 1:30:58]} Qd6 {[%clk 1:24:06]} 9. O-O
{[%clk 1:31:03]} Bg4 {[%clk 1:22:42]} 10. Nbd2 {[%clk 1:31:02]} Qc5
{[%clk 1:17:43]} 11. Bxc6+ {[%clk 1:28:22]} bxc6 {[%clk 1:17:24]} 12. b4
{[%clk 1:28:44]} Qd6 {[%clk 1:14:44]} 13. Nc4 {[%clk 1:24:44]} Qe6
{[%clk 1:14:49]} 14. Nfxe5 {[%clk 1:25:08]} O-O {[%clk 1:09:45]} 15. f4
{[%clk 1:25:24]} Nxe4 {[%clk 1:05:18]} 16. Qxe4 {[%clk 1:25:39]} f6
{[%clk 1:05:32]} 17. f5 {[%clk 1:25:51]} Bxf5 {[%clk 0:57:55]} 18. Qxf5
{[%clk 1:25:24]} Qd5 {[%clk 0:56:32]} 19. Ne3 {[%clk 1:25:22]} Qxe5
{[%clk 0:56:39]} 20. Qxe5 {[%clk 1:25:51]} fxe5 {[%clk 0:57:00]} 21. Nc4
{[%clk 1:26:15]} Rxf1+ {[%clk 0:56:33]} 22. Kxf1 {[%clk 1:26:44]} Rd8
{[%clk 0:56:45]} 23. Ke2 {[%clk 1:27:07]} c5 {[%clk 0:55:40]} 24. b5
{[%clk 1:27:27]} e4 {[%clk 0:55:53]} 25. Bf4 {[%clk 1:27:52]} Rd3
{[%clk 0:56:12]} 26. Rc1 {[%clk 1:28:11]} Bf6 {[%clk 0:56:11]} 27. Bxc7
{[%clk 1:28:36]} Bxc3 {[%clk 0:56:30]} 28. Bb8 {[%clk 1:28:34]} 1-0

[Event "Festival International d'échecs de Condom 2017"]
[Site "Condom"]
[Date "2017.07.10"]
[Round "2.1"]
[White "Lacroix, Romain"]
[Black "Iwanesko, Alexandre"]
[Result "1/2-1/2"]
[BlackElo "2232"]
[WhiteElo "2248"]
[LiveChessVersion "1.4.8"]

1. d4 {[%clk 1:30:55]} Nf6 {[%clk 1:30:56]} 2. Nf3 {[%clk 1:31:09]} g6
{[%clk 1:31:21]} 3. Bf4 {[%clk 1:31:08]} Bg7 {[%clk 1:31:43]} 4. e3
{[%clk 1:31:16]} d6 {[%clk 1:32:08]} 5. h3 {[%clk 1:31:09]} O-O {[%clk 1:32:28]}
6. Be2 {[%clk 1:31:23]} Nbd7 {[%clk 1:32:54]} 7. O-O {[%clk 1:31:28]} Ne4
{[%clk 1:32:54]} 8. Nbd2 {[%clk 1:29:28]} Nxd2 {[%clk 1:26:15]} 9. Qxd2
{[%clk 1:28:35]} e5 {[%clk 1:26:03]} 10. Bh2 {[%clk 1:27:30]} Qe7
{[%clk 1:24:52]} 11. Rfd1 {[%clk 1:25:07]} Re8 {[%clk 1:17:28]} 12. Bf1
{[%clk 1:20:52]} e4 {[%clk 1:03:02]} 13. Ne1 {[%clk 1:20:25]} Nf8
{[%clk 1:03:26]} 14. c4 {[%clk 1:16:29]} h5 {[%clk 0:58:21]} 15. Rac1
{[%clk 1:02:07]} h4 {[%clk 0:52:37]} 16. c5 {[%clk 1:01:44]} d5 {[%clk 0:52:57]}
17. c6 {[%clk 0:51:58]} b6 {[%clk 0:53:20]} 18. Nc2 {[%clk 0:51:27]} Nh7
{[%clk 0:41:08]} 19. Qb4 {[%clk 0:41:33]} Qd8 {[%clk 0:38:15]} 20. Qb3
{[%clk 0:40:30]} Be6 {[%clk 0:34:04]} 21. a4 {[%clk 0:30:07]} Bf8
{[%clk 0:29:07]} 22. Nb4 {[%clk 0:24:54]} a5 {[%clk 0:20:00]} 23. Na2
{[%clk 0:24:52]} Bd6 {[%clk 0:19:02]} 24. Bxd6 {[%clk 0:24:42]} Qxd6
{[%clk 0:19:30]} 25. Nc3 {[%clk 0:24:56]} Ng5 {[%clk 0:18:46]} 26. Nb5
{[%clk 0:24:10]} Qd8 {[%clk 0:18:56]} 27. Be2 {[%clk 0:15:30]} Rc8
{[%clk 0:17:25]} 28. Kf1 {[%clk 0:11:11]} Qf6 {[%clk 0:13:53]} 29. Ke1
{[%clk 0:10:51]} Kg7 {[%clk 0:13:17]} 30. Na7 {[%clk 0:08:51]} Ra8
{[%clk 0:13:24]} 31. Nb5 {[%clk 0:09:15]} Rac8 {[%clk 0:13:41]} 32. Na7
{[%clk 0:08:17]} Ra8 {[%clk 0:14:01]} 33. Nb5 {[%clk 0:08:41]} 1/2-1/2

[Event "Festival International d'échecs de Condom 2017"]
[Site "Condom"]
[Date "2017.07.10"]
[Round "2.2"]
[White "Said, Brih"]
[Black "Bissieres, Matthieu"]
[Result "1-0"]
[BlackElo "2367"]
[WhiteElo "2316"]
[LiveChessVersion "1.4.8"]

1. Nf3 {[%clk 1:30:58]} Nf6 {[%clk 1:30:41]} 2. g3 {[%clk 1:30:53]} g6
{[%clk 1:25:10]} 3. b3 {[%clk 1:31:15]} Bg7 {[%clk 1:25:31]} 4. Bb2
{[%clk 1:31:38]} b6 {[%clk 1:22:27]} 5. Bg2 {[%clk 1:30:18]} Bb7 {[%clk 1:21:19]}
6. O-O {[%clk 1:30:39]} O-O {[%clk 1:21:34]} 7. d3 {[%clk 1:27:03]} c5
{[%clk 1:19:31]} 8. c4 {[%clk 1:23:53]} d6 {[%clk 1:16:27]} 9. Nbd2
{[%clk 1:19:28]} Qc7 {[%clk 1:06:22]} 10. e3 {[%clk 1:13:12]} Nbd7
{[%clk 1:03:13]} 11. a3 {[%clk 1:03:47]} Rad8 {[%clk 1:00:37]} 12. Ra2
{[%clk 0:53:19]} Ne5 {[%clk 0:52:49]} 13. Qc2 {[%clk 0:46:21]} Nxf3+
{[%clk 0:52:19]} 14. Nxf3 {[%clk 0:46:32]} Qc8 {[%clk 0:51:52]} 15. e4
{[%clk 0:37:08]} Qa8 {[%clk 0:48:47]} 16. b4 {[%clk 0:29:30]} e6 {[%clk 0:47:26]}
17. Re1 {[%clk 0:22:36]} Rfe8 {[%clk 0:37:09]} 18. Raa1 {[%clk 0:19:46]} Re7
{[%clk 0:24:29]} 19. b5 {[%clk 0:18:57]} Ree8 {[%clk 0:22:38]} 20. a4
{[%clk 0:16:05]} d5 {[%clk 0:21:12]} 21. cxd5 {[%clk 0:16:12]} exd5
{[%clk 0:21:34]} 22. e5 {[%clk 0:16:33]} Nd7 {[%clk 0:14:52]} 23. e6
{[%clk 0:16:53]} 1-0

[Event "Festival International d'échecs de Condom 2017"]
[Site "Condom"]
[Date "2017.07.10"]
[Round "2.3"]
[White "Del Rey, Diego"]
[Black "Laurent-Paoli, Pierre"]
[Result "1-0"]
[BlackElo "2290"]
[WhiteElo "2349"]
[LiveChessVersion "1.4.8"]

1. e4 {[%clk 1:29:49]} Nc6 {[%clk 1:28:35]} 2. d4 {[%clk 1:29:04]} d5
{[%clk 1:28:37]} 3. e5 {[%clk 1:28:27]} Bf5 {[%clk 1:28:49]} 4. c3
{[%clk 1:25:27]} e6 {[%clk 1:27:54]} 5. Bd3 {[%clk 1:24:44]} Nge7
{[%clk 1:23:30]} 6. Nf3 {[%clk 1:23:32]} f6 {[%clk 1:20:18]} 7. O-O
{[%clk 1:14:17]} Qd7 {[%clk 1:15:20]} 8. Re1 {[%clk 1:06:40]} O-O-O
{[%clk 1:12:56]} 9. Bb5 {[%clk 1:04:57]} a6 {[%clk 0:53:19]} 10. Ba4
{[%clk 1:04:02]} Ng6 {[%clk 0:49:33]} 11. Nbd2 {[%clk 1:00:50]} fxe5
{[%clk 0:47:12]} 12. dxe5 {[%clk 1:00:34]} Bc5 {[%clk 0:38:58]} 13. Nb3
{[%clk 0:55:18]} Bb6 {[%clk 0:39:07]} 14. Nfd4 {[%clk 0:45:44]} Rhf8
{[%clk 0:37:10]} 15. Bg5 {[%clk 0:36:56]} Rde8 {[%clk 0:35:28]} 16. Nxc6
{[%clk 0:29:29]} bxc6 {[%clk 0:32:36]} 17. Nd4 {[%clk 0:28:28]} Be4
{[%clk 0:32:03]} 18. f3 {[%clk 0:21:22]} Nxe5 {[%clk 0:25:41]} 19. fxe4
{[%clk 0:21:34]} Qf7 {[%clk 0:26:07]} 20. Bh4 {[%clk 0:15:31]} Ng6
{[%clk 0:18:15]} 21. Bg5 {[%clk 0:07:58]} e5 {[%clk 0:16:33]} 22. Bxc6
{[%clk 0:08:22]} exd4 {[%clk 0:07:16]} 23. Qd3 {[%clk 0:06:53]} Qf2+
{[%clk 0:02:59]} 24. Kh1 {[%clk 0:07:19]} 1-0

[Event "Festival International d'échecs de Condom 2017"]
[Site "Condom"]
[Date "2017.07.10"]
[Round "2.4"]
[White "Mirzoev, Emil"]
[Black "Karapetian, Rouben"]
[Result "0-1"]
[BlackElo "2048"]
[WhiteElo "2448"]
[LiveChessVersion "1.4.8"]

1. d4 {[%clk 1:29:52]} Nf6 {[%clk 1:30:54]} 2. c4 {[%clk 1:30:11]} d6
{[%clk 1:31:20]} 3. Nf3 {[%clk 1:30:05]} g6 {[%clk 1:31:32]} 4. Nc3
{[%clk 1:30:14]} Bf5 {[%clk 1:31:48]} 5. g3 {[%clk 1:28:50]} Bg7 {[%clk 1:32:13]}
6. Bg2 {[%clk 1:29:11]} O-O {[%clk 1:32:38]} 7. Qb3 {[%clk 1:27:29]} Bc8
{[%clk 1:32:59]} 8. O-O {[%clk 1:24:12]} Nbd7 {[%clk 1:33:24]} 9. e4
{[%clk 1:21:10]} e5 {[%clk 1:33:06]} 10. Qc2 {[%clk 1:18:53]} exd4
{[%clk 1:30:41]} 11. Nxd4 {[%clk 1:19:11]} Re8 {[%clk 1:30:51]} 12. Rd1
{[%clk 1:13:31]} c6 {[%clk 1:29:44]} 13. h3 {[%clk 1:12:09]} a5 {[%clk 1:23:31]}
14. Be3 {[%clk 1:10:40]} Qe7 {[%clk 1:23:49]} 15. Re1 {[%clk 1:04:23]} Nc5
{[%clk 1:22:27]} 16. f3 {[%clk 0:58:22]} Nh5 {[%clk 1:11:11]} 17. Kh2
{[%clk 0:49:31]} g5 {[%clk 1:08:54]} 18. Qd2 {[%clk 0:44:45]} h6 {[%clk 1:06:54]}
19. f4 {[%clk 0:33:26]} gxf4 {[%clk 1:04:17]} 20. gxf4 {[%clk 0:30:08]} Qh4
{[%clk 1:04:43]} 21. Rg1 {[%clk 0:24:46]} Nxe4 {[%clk 1:01:55]} 22. Nxe4
{[%clk 0:24:05]} Rxe4 {[%clk 1:02:18]} 23. Bf1 {[%clk 0:22:18]} Qf6
{[%clk 0:57:10]} 24. Bd3 {[%clk 0:20:33]} Rxd4 {[%clk 0:55:39]} 25. Rxg7+
{[%clk 0:19:43]} Kxg7 {[%clk 0:54:56]} 26. Rg1+ {[%clk 0:19:08]} Kf8
{[%clk 0:54:26]} 27. Bxd4 {[%clk 0:19:22]} Qxd4 {[%clk 0:54:26]} 28. Rg8+
{[%clk 0:19:33]} Ke7 {[%clk 0:49:43]} 29. Qe2+ {[%clk 0:18:46]} Be6
{[%clk 0:49:35]} 30. Rxa8 {[%clk 0:17:40]} Nxf4 {[%clk 0:49:41]} 31. Qe4
{[%clk 0:17:13]} Qf2+ {[%clk 0:50:02]} 32. Kh1 {[%clk 0:17:30]} f5
{[%clk 0:50:24]} 0-1

[Event "Festival International d'échecs de Condom 2017"]
[Site "Condom"]
[Date "2017.07.10"]
[Round "3.1"]
[White "Grishchenko, Sergey"]
[Black "Lacroix, Romain"]
[Result "1/2-1/2"]
[BlackElo "2248"]
[WhiteElo "2439"]
[LiveChessVersion "1.4.8"]

1. d4 {[%clk 1:28:35]} Nf6 {[%clk 1:30:50]} 2. c4 {[%clk 1:28:56]} e6
{[%clk 1:31:09]} 3. Nc3 {[%clk 1:29:18]} Bb4 {[%clk 1:31:16]} 4. e3
{[%clk 1:29:41]} O-O {[%clk 1:31:14]} 5. Nge2 {[%clk 1:30:03]} d5
{[%clk 1:30:38]} 6. cxd5 {[%clk 1:30:23]} exd5 {[%clk 1:29:35]} 7. g3
{[%clk 1:30:24]} c6 {[%clk 1:27:48]} 8. Bg2 {[%clk 1:30:35]} Na6 {[%clk 1:26:09]}
9. O-O {[%clk 1:29:28]} Nc7 {[%clk 1:20:49]} 10. Qc2 {[%clk 1:13:52]} Re8
{[%clk 1:08:33]} 11. Bd2 {[%clk 1:00:35]} Bf8 {[%clk 0:55:46]} 12. Rad1
{[%clk 0:37:44]} b6 {[%clk 0:41:34]} 13. Rfe1 {[%clk 0:33:28]} Bb7
{[%clk 0:40:37]} 14. Nf4 {[%clk 0:21:22]} Ne6 {[%clk 0:36:30]} 15. Nxe6
{[%clk 0:17:10]} Rxe6 {[%clk 0:32:36]} 16. Qb3 {[%clk 0:11:50]} Re8
{[%clk 0:28:03]} 17. f3 {[%clk 0:08:16]} Qd7 {[%clk 0:21:45]} 18. Bc1
{[%clk 0:07:18]} c5 {[%clk 0:17:18]} 19. g4 {[%clk 0:06:18]} h6 {[%clk 0:15:51]}
20. h4 {[%clk 0:06:15]} cxd4 {[%clk 0:14:30]} 21. exd4 {[%clk 0:06:37]} Qd6
{[%clk 0:13:45]} 22. Ne2 {[%clk 0:01:26]} Ba6 {[%clk 0:12:38]} 23. Bf4
{[%clk 0:01:35]} Qb4 {[%clk 0:12:22]} 24. Qxb4 {[%clk 0:01:42]} Bxb4
{[%clk 0:12:51]} 25. Nc3 {[%clk 0:02:05]} Rac8 {[%clk 0:10:31]} 26. Rxe8+
{[%clk 0:02:22]} Rxe8 {[%clk 0:10:50]} 27. Bd2 {[%clk 0:01:51]} Bb7
{[%clk 0:10:13]} 28. Bf1 {[%clk 0:01:57]} Bd6 {[%clk 0:08:22]} 29. Kf2
{[%clk 0:02:20]} a6 {[%clk 0:06:31]} 30. Rc1 {[%clk 0:02:22]} Nd7
{[%clk 0:05:43]} 31. a4 {[%clk 0:01:21]} Nf8 {[%clk 0:05:39]} 32. Bd3
{[%clk 0:01:17]} Ne6 {[%clk 0:05:28]} 33. Ne2 {[%clk 0:01:43]} Be7
{[%clk 0:04:45]} 34. Kg3 {[%clk 0:01:03]} Bd6+ {[%clk 0:04:08]} 35. Kg2
{[%clk 0:00:58]} Be7 {[%clk 0:03:45]} 36. Kg3 {[%clk 0:00:59]} Bd6+
{[%clk 0:04:11]} 37. Kh3 {[%clk 0:01:03]} Rc8 {[%clk 0:02:39]} 38. Rxc8+
{[%clk 0:00:48]} Bxc8 {[%clk 0:03:08]} 39. f4 {[%clk 0:00:50]} h5
{[%clk 0:02:55]} 40. f5 {[%clk 0:01:12]} hxg4+ {[%clk 0:03:18]} 41. Kxg4
{[%clk 0:01:37]} Nc7 {[%clk 0:01:30]} 42. Nf4 {[%clk 0:18:35]} Kf8
{[%clk 0:29:14]} 43. a5 {[%clk 0:17:44]} bxa5 {[%clk 0:22:28]} 44. Bxa5
{[%clk 0:18:03]} Bb7 {[%clk 0:22:47]} 45. Bb6 {[%clk 0:11:29]} Ne8
{[%clk 0:22:52]} 46. Nh5 {[%clk 0:11:46]} Ke7 {[%clk 0:19:52]} 47. Kg5
{[%clk 0:09:46]} Kf8 {[%clk 0:12:04]} 48. Bc5 {[%clk 0:06:35]} Be7+
{[%clk 0:07:09]} 49. Bxe7+ {[%clk 0:06:52]} Kxe7 {[%clk 0:07:32]} 50. Nxg7
{[%clk 0:07:06]} Nxg7 {[%clk 0:07:46]} 51. f6+ {[%clk 0:07:32]} Kf8
{[%clk 0:08:10]} 52. fxg7+ {[%clk 0:07:53]} Kxg7 {[%clk 0:08:39]} 53. Kf5
{[%clk 0:06:18]} Kh6 {[%clk 0:07:26]} 54. Be2 {[%clk 0:06:31]} Kg7
{[%clk 0:05:51]} 55. b4 {[%clk 0:05:28]} f6 {[%clk 0:05:46]} 56. Ke6
{[%clk 0:05:40]} Kg6 {[%clk 0:06:08]} 57. Kd7 {[%clk 0:05:48]} f5
{[%clk 0:05:43]} 58. Kc7 {[%clk 0:06:08]} Ba8 {[%clk 0:06:06]} 59. Bxa6
{[%clk 0:06:00]} Kh5 {[%clk 0:05:58]} 60. Bb5 {[%clk 0:06:02]} Kxh4
{[%clk 0:04:42]} 61. Kb8 {[%clk 0:06:15]} Kg3 {[%clk 0:04:35]} 62. Kxa8
{[%clk 0:06:39]} Kf3 {[%clk 0:04:59]} 63. Ba6 {[%clk 0:06:30]} Ke3
{[%clk 0:05:20]} 64. b5 {[%clk 0:06:55]} Kxd4 {[%clk 0:05:42]} 65. b6
{[%clk 0:07:20]} 1/2-1/2

[Event "Festival International d'échecs de Condom 2017"]
[Site "Condom"]
[Date "2017.07.10"]
[Round "3.2"]
[White "Bissieres, Matthieu"]
[Black "Del Rey, Diego"]
[Result "0-1"]
[BlackElo "2349"]
[WhiteElo "2367"]
[LiveChessVersion "1.4.8"]

1. e4 {[%clk 1:30:55]} d6 {[%clk 1:30:51]} 2. d4 {[%clk 1:31:12]} Nf6
{[%clk 1:31:07]} 3. Nc3 {[%clk 1:31:29]} e5 {[%clk 1:31:27]} 4. Nf3
{[%clk 1:31:13]} Nbd7 {[%clk 1:31:48]} 5. Bc4 {[%clk 1:31:19]} Be7
{[%clk 1:31:58]} 6. O-O {[%clk 1:31:29]} Nb6 {[%clk 1:32:13]} 7. Be2
{[%clk 1:31:37]} exd4 {[%clk 1:32:32]} 8. Nxd4 {[%clk 1:32:00]} O-O
{[%clk 1:32:55]} 9. a4 {[%clk 1:30:31]} a5 {[%clk 1:33:12]} 10. Bf4
{[%clk 1:28:49]} c6 {[%clk 1:32:21]} 11. Qd3 {[%clk 1:24:20]} d5 {[%clk 1:31:21]}
12. e5 {[%clk 1:14:40]} Ne8 {[%clk 1:31:10]} 13. Nf5 Bxf5 {[%clk 1:28:21]} 14.
Qxf5 {[%clk 1:07:59]} g6 {[%clk 1:22:24]} 15. Qh3 {[%clk 1:06:12]} Ng7
{[%clk 1:22:23]} 16. Rad1 {[%clk 1:04:50]} f6 {[%clk 1:12:16]} 17. Ne4
{[%clk 0:51:03]} f5 {[%clk 1:04:20]} 18. Nf6+ {[%clk 0:48:27]} Bxf6
{[%clk 1:03:12]} 19. exf6 {[%clk 0:48:43]} Qxf6 {[%clk 0:59:52]} 20. Qb3
{[%clk 0:47:09]} Nd7 {[%clk 0:59:31]} 21. c4 {[%clk 0:46:04]} Ne6
{[%clk 0:49:59]} 22. Bh6 {[%clk 0:39:38]} Ndc5 {[%clk 0:48:33]} 23. Qb6
{[%clk 0:35:41]} Ra6 {[%clk 0:42:09]} 24. Qxa6 {[%clk 0:35:15]} bxa6
{[%clk 0:41:54]} 25. Bxf8 {[%clk 0:35:18]} Kxf8 {[%clk 0:41:52]} 26. cxd5
{[%clk 0:35:42]} Nd4 {[%clk 0:38:42]} 27. Bc4 {[%clk 0:34:21]} cxd5
{[%clk 0:38:08]} 28. Bxd5 {[%clk 0:34:43]} Nxa4 {[%clk 0:38:27]} 29. Rd2
{[%clk 0:34:21]} Nb6 {[%clk 0:34:49]} 30. Ba2 {[%clk 0:34:16]} Nf3+ 0-1

[Event "Festival International d'échecs de Condom 2017"]
[Site "Condom"]
[Date "2017.07.10"]
[Round "3.3"]
[White "Iwanesko, Alexandre"]
[Black "Said, Brih"]
[Result "1-0"]
[BlackElo "2316"]
[WhiteElo "2232"]
[LiveChessVersion "1.4.8"]

1. c4 {[%clk 1:30:58]} Nf6 {[%clk 1:30:42]} 2. g3 {[%clk 1:31:23]} g6
{[%clk 1:30:45]} 3. Bg2 {[%clk 1:31:49]} Bg7 {[%clk 1:31:11]} 4. Nc3
{[%clk 1:31:54]} O-O {[%clk 1:30:48]} 5. Nf3 {[%clk 1:32:17]} d5 {[%clk 1:28:30]}
6. cxd5 {[%clk 1:31:12]} Nxd5 {[%clk 1:28:58]} 7. O-O {[%clk 1:31:35]} c6
{[%clk 1:28:54]} 8. d4 {[%clk 1:29:40]} Nxc3 {[%clk 1:28:55]} 9. bxc3
{[%clk 1:30:05]} Qa5 {[%clk 1:29:14]} 10. Qb3 {[%clk 1:26:30]} Nd7
{[%clk 1:28:01]} 11. Ba3 {[%clk 1:05:42]} Re8 {[%clk 1:24:40]} 12. Bb4
{[%clk 0:54:56]} Qh5 {[%clk 1:17:00]} 13. e4 {[%clk 0:51:48]} Nb6
{[%clk 0:58:52]} 14. a4 {[%clk 0:49:03]} Be6 {[%clk 0:57:06]} 15. Qc2
{[%clk 0:49:28]} Nc4 {[%clk 0:55:37]} 16. a5 {[%clk 0:49:03]} b6 {[%clk 0:51:08]}
17. axb6 {[%clk 0:49:24]} axb6 {[%clk 0:49:07]} 18. Rxa8 {[%clk 0:48:59]} Rxa8
{[%clk 0:49:35]} 19. Bxe7 {[%clk 0:49:10]} Re8 {[%clk 0:49:57]} 20. Bb4
{[%clk 0:25:29]} c5 {[%clk 0:46:20]} 21. Qa4 {[%clk 0:22:45]} Rc8
{[%clk 0:42:53]} 22. Ba3 {[%clk 0:22:35]} cxd4 {[%clk 0:39:29]} 23. Nxd4
{[%clk 0:18:57]} Qa5 {[%clk 0:38:11]} 24. Qxa5 {[%clk 0:18:08]} bxa5
{[%clk 0:38:39]} 25. Be7 {[%clk 0:16:13]} a4 {[%clk 0:38:39]} 26. Ra1
{[%clk 0:13:39]} Bd7 {[%clk 0:35:47]} 27. Bf1 {[%clk 0:12:04]} Nd2
{[%clk 0:29:22]} 28. Bb5 {[%clk 0:09:32]} Bxb5 {[%clk 0:23:41]} 29. Nxb5
{[%clk 0:09:58]} Ra8 {[%clk 0:23:10]} 30. Ra2 {[%clk 0:04:50]} Nxe4
{[%clk 0:22:49]} 31. c4 {[%clk 0:05:17]} f5 {[%clk 0:19:35]} 32. f3
{[%clk 0:03:23]} Nc3 {[%clk 0:19:54]} 33. Nxc3 {[%clk 0:02:43]} Bxc3
{[%clk 0:20:21]} 34. Ba3 {[%clk 0:02:45]} Rc8 {[%clk 0:17:09]} 35. c5
{[%clk 0:03:06]} Kf7 {[%clk 0:17:32]} 36. Rc2 {[%clk 0:02:37]} Be5
{[%clk 0:17:37]} 37. Rc4 {[%clk 0:02:14]} Ra8 {[%clk 0:17:33]} 38. c6
{[%clk 0:02:41]} Bc7 {[%clk 0:17:55]} 39. Kf2 {[%clk 0:02:16]} Ke6
{[%clk 0:16:46]} 40. Ke3 {[%clk 0:02:18]} h5 {[%clk 0:06:31]} 41. Kd3
{[%clk 0:26:46]} h4 {[%clk 0:32:38]} 42. Rxh4 {[%clk 0:25:55]} Bd6
{[%clk 0:33:00]} 43. c7 {[%clk 0:22:14]} Bxc7 {[%clk 0:31:51]} 44. Rc4
{[%clk 0:21:19]} Kd7 {[%clk 0:27:09]} 45. Rd4+ {[%clk 0:17:45]} Kc6
{[%clk 0:27:29]} 46. Rc4+ {[%clk 0:18:05]} Kb7 {[%clk 0:26:39]} 47. Rb4+
{[%clk 0:13:57]} Bb6 {[%clk 0:27:00]} 48. g4 {[%clk 0:14:15]} Re8
{[%clk 0:23:16]} 49. Rxa4 {[%clk 0:11:10]} Re3+ {[%clk 0:23:37]} 50. Kd2
{[%clk 0:11:34]} Rxf3 {[%clk 0:24:02]} 51. gxf5 {[%clk 0:11:52]} gxf5
{[%clk 0:24:27]} 52. Bd6 {[%clk 0:11:47]} Kc6 {[%clk 0:24:30]} 53. Bg3
{[%clk 0:11:08]} Kd5 {[%clk 0:24:49]} 54. Ke2 {[%clk 0:10:21]} Re3+
{[%clk 0:25:07]} 55. Kd2 {[%clk 0:10:46]} Re8 {[%clk 0:24:33]} 56. Kd3
{[%clk 0:09:49]} Re3+ {[%clk 0:24:13]} 57. Kd2 {[%clk 0:10:15]} Re7
{[%clk 0:22:07]} 58. Kd3 {[%clk 0:10:26]} Bc5 {[%clk 0:22:32]} 59. Ra8
{[%clk 0:09:58]} Rb7 {[%clk 0:22:08]} 60. Rd8+ {[%clk 0:10:11]} Ke6
{[%clk 0:22:31]} 61. Rb8 {[%clk 0:10:17]} Ra7 {[%clk 0:19:09]} 62. Rc8
{[%clk 0:09:05]} Ra3+ {[%clk 0:19:22]} 63. Ke2 {[%clk 0:09:30]} Kd5
{[%clk 0:18:21]} 64. Rd8+ {[%clk 0:09:45]} Kc4 {[%clk 0:18:00]} 65. Bf4
{[%clk 0:08:34]} Bd4 {[%clk 0:18:21]} 66. Rf8 {[%clk 0:07:01]} Ra2+
{[%clk 0:16:10]} 67. Kf3 {[%clk 0:07:10]} Ra3+ {[%clk 0:10:45]} 68. Kg2
{[%clk 0:07:19]} Kd5 1-0

[Event "Festival International d'échecs de Condom 2017"]
[Site "Condom"]
[Date "2017.07.10"]
[Round "3.4"]
[White "Mirzoev, Emil"]
[Black "Jawad, Maache"]
[Result "1-0"]
[BlackElo "2202"]
[WhiteElo "2448"]
[LiveChessVersion "1.4.8"]

1. g3 {[%clk 1:30:47]} d5 {[%clk 1:30:52]} 2. Bg2 {[%clk 1:31:08]} Nf6
{[%clk 1:30:47]} 3. Nf3 {[%clk 1:31:32]} e6 {[%clk 1:30:51]} 4. O-O
{[%clk 1:31:43]} Bd6 {[%clk 1:31:12]} 5. c4 {[%clk 1:32:04]} O-O {[%clk 1:30:49]}
6. b3 {[%clk 1:31:17]} c6 {[%clk 1:31:10]} 7. Bb2 {[%clk 1:31:38]} Nbd7
{[%clk 1:31:35]} 8. d3 {[%clk 1:31:43]} e5 {[%clk 1:23:45]} 9. Nc3
{[%clk 1:29:44]} a6 {[%clk 1:23:48]} 10. Nd2 {[%clk 1:29:41]} d4 {[%clk 1:19:31]}
11. Nce4 {[%clk 1:29:36]} Nxe4 {[%clk 1:19:45]} 12. Nxe4 {[%clk 1:30:27]} Be7
{[%clk 1:14:05]} 13. Qc2 {[%clk 1:26:35]} f5 {[%clk 1:02:48]} 14. Nd2
{[%clk 1:26:56]} Rb8 {[%clk 1:03:00]} 15. e3 {[%clk 1:26:37]} c5 {[%clk 1:03:07]}
16. exd4 {[%clk 1:26:49]} exd4 {[%clk 1:03:27]} 17. Nf3 {[%clk 1:23:43]} Bd6
{[%clk 1:01:45]} 18. Rae1 {[%clk 1:23:42]} Nf6 {[%clk 1:01:30]} 19. Ng5
{[%clk 1:22:16]} Re8 {[%clk 1:00:05]} 20. Qd1 {[%clk 1:20:19]} Bd7
{[%clk 0:56:37]} 21. Rxe8+ {[%clk 1:18:33]} Qxe8 {[%clk 0:56:02]} 22. Re1
{[%clk 1:18:45]} Qg6 {[%clk 0:55:54]} 23. Bc1 {[%clk 1:19:07]} b6
{[%clk 0:44:46]} 24. Ne6 {[%clk 1:10:23]} Qf7 25. Bf4 {[%clk 1:09:23]} Bxf4
{[%clk 0:42:42]} 26. Nxf4 {[%clk 1:09:47]} Kf8 {[%clk 0:42:38]} 27. h3
{[%clk 1:01:08]} g5 {[%clk 0:29:56]} 28. Nd5 {[%clk 0:59:38]} Nxd5
{[%clk 0:29:45]} 29. Bxd5 {[%clk 0:59:57]} Qg6 {[%clk 0:25:35]} 30. Bg2
{[%clk 0:59:16]} Re8 {[%clk 0:25:22]} 31. Rxe8+ {[%clk 0:52:59]} Kxe8
{[%clk 0:25:22]} 32. Qf3 {[%clk 0:53:20]} 1-0

[Event "Festival International d'échecs de Condom 2017"]
[Site "Condom"]
[Date "2017.07.10"]
[Round "4.1"]
[White "Lacroix, Romain"]
[Black "Kukov, Velislav"]
[Result "0-1"]
[BlackElo "2386"]
[WhiteElo "2248"]
[LiveChessVersion "1.4.8"]

1. d4 f5 2. Nf3 e6 3. c4 Nf6 4. g3 Be7 5. Bg2 O-O 6. O-O d5 7. b3 Ne4 8. Bb2 b6
9. Ne5 Bb7 10. Nd2 Nd7 11. Nd3 Bf6 12. f3 Nd6 13. e4 dxe4 14. fxe4 fxe4 15. Nf4
Qe7 16. Re1 Bg5 17. Nh3 e3 18. Nf1 Bxg2 19. Kxg2 Nf5 20. Qd3 Rad8 21. Qe4 Nf6 22.
Qe5 Bh6 23. Nf4 Bxf4 24. Qxf4 c5 25. d5 exd5 26. Qxf5 d4 27. Qg5 Qe4+ 28. Kh3
Qe6+ 29. Kg2 Ne4 30. Qh4 Nf2 31. Re2 Qc6+ 32. Kg1 Qh1# 0-1